000 00333 a2200169 4500
001 190871
020 _a85-00-60669-X
040 _cMagnum
100 _aPena, Martins
240 1 0 _aO noviço
_lpor
245 1 0 _aO noviço
300 _a154
362 0 _a1997
440 1 _aEdiouro
697 _aLITERATURA GERAL
942 _cBK
999 _c190871
_d190871